000 00740cab a2200241 4500
001 WB3340-34
008 090401t1997 xxu||||| |||| 00| 0 eng d
035 _a(Sirsi) u81427
041 _aeng
245 _aProperty shops
260 _c1997
350 _a0
490 _aSolicitors` Journal
_v141(38) 10 October 1997, 936(1)
520 _aThe Law Society has commissioned independent research to determine how solicitors` property centres could best fit into the property market.
650 _aCONVEYANCING
650 _aLAW SOCIETY
650 _aPROPERTY CENTRES
650 _aPROPERTY MARKET
650 _aSOLICITORS
690 _aMANAGEMENT-BUSINESS MANAGEMENT-PROFESSIONAL PRACTICE
942 _n0
948 _c14/10/1997
999 _c51300
_d51300